[Event "Jan Macieja Memorial"]
[Site "Warsaw POL"]
[Date "2023.07.10"]
[Round "6.53"]
[White "Szlod, Wiktor"]
[Black "Tsiapko, Andrii"]
[Result "1-0"]
[WhiteElo "1439"]
[BlackElo "1903"]
[EventDate "2023.07.10"]
[PlyCount "131"]

1.e4 c5 2.Nc3 Nc6 3.f4 g6 4.Nf3 Bg7 5.g3 e6 6.Bg2 Nge7 7.O-O d6 8.d3 O-O 9.Bd2 
Rb8 10.a3 b5 11.Be3 b4 12.axb4 cxb4 13.Na4 Ba6 14.Rb1 Bb5 15.b3 Bxa4 16.bxa4 
Qa5 17.d4 Qxa4 18.e5 Nd5 19.Bd2 dxe5 20.dxe5 Rfd8 21.Ra1 Qb5 22.Qe1 Qc5+ 23.Kh1 
Qxc2 24.Rf2 Qd3 25.Bf1 Qb3 26.Rc1 Nce7 27.Ra1 Qc2 28.Bxb4 Nxb4 29.Rxc2 Nxc2 
30.Qc1 Nxa1 31.Qxa1 Rb3 32.Kg2 Nf5 33.Ng5 h6 34.Ne4 Ne3+ 35.Kh3 Nxf1 36.Qxf1 a5 
37.Nd6 a4 38.Qa1 a3 39.Qa2 Rdb8 40.Qc2 Rb2 41.Qc7 Rf8 42.Qc3 Ra2 43.Nc4 Rc8 
44.Qb3 Re2 45.Nxa3 Re8 46.Nb5 Rd8 47.Nd6 Bf8 48.Qd3 Rb2 49.Qc3 Rb6 50.Qc7 Rbb8 
51.Qxf7+ Kh8 52.Qf6+ Bg7 53.Qxg6 Rf8 54.Nf7+ Kg8 55.Nxh6+ Kh8 56.Nf7+ Kg8 
57.Ng5 Rfe8 58.Nxe6 Re7 59.Ng5 Rb2 60.Qh7+ Kf8 61.Qf5+ Kg8 62.Qc8+ Bf8 63.Qc4+ 
Kh8 64.e6 Ra7 65.Qd4+ Bg7 66.Qxa7 1-0

[Event "Jan Macieja Memorial"]
[Site "Warsaw POL"]
[Date "2023.07.10"]
[Round "6.57"]
[White "Bury, Milosz"]
[Black "Lada, Marek"]
[Result "1-0"]
[WhiteElo "1651"]
[BlackElo "2133"]
[EventDate "2023.07.10"]
[PlyCount "67"]

1.e4 e6 2.d4 d5 3.exd5 exd5 4.Bf4 Nf6 5.Bd3 Bd6 6.Qd2 O-O 7.Ne2 Ne4 8.Bxe4 dxe4 
9.Nbc3 f5 10.O-O-O Nc6 11.Nb5 a6 12.Nxd6 cxd6 13.d5 Ne7 14.Kb1 a5 15.Nc3 Ng6 
16.Nb5 Qb6 17.Nxd6 Bd7 18.Nc4 Qc5 19.Ne5 Bb5 20.Nxg6 hxg6 21.d6 Bd7 22.h4 Rfc8 
23.Qd5+ Qxd5 24.Rxd5 a4 25.Rhd1 a3 26.b3 Rc6 27.c4 Re8 28.g3 Kf7 29.Ra5 Ra6 
30.Rxa6 bxa6 31.Rd5 Bc6 32.Ra5 e3 33.fxe3 Be4+ 34.Kc1 1-0

[Event "Jan Macieja Memorial"]
[Site "Warsaw POL"]
[Date "2023.07.10"]
[Round "6.58"]
[White "Rogulski, Witold"]
[Black "Zajkowska, Olga"]
[Result "0-1"]
[WhiteElo "2110"]
[BlackElo "1722"]
[EventDate "2023.07.10"]
[PlyCount "54"]

1.e4 d6 2.d4 Nf6 3.Nf3 Nxe4 4.Bd3 Nf6 5.O-O g6 6.Bg5 Bg7 7.Qd2 O-O 8.Bh6 Nbd7 
9.Bxg7 Kxg7 10.Qg5 h6 11.Qh4 e5 12.c3 Nh5 13.Qxd8 Rxd8 14.Nbd2 Nf4 15.Bc2 f5 
16.g3 Nh3+ 17.Kg2 Ng5 18.Nh4 Nf6 19.f4 exf4 20.gxf4 Nge4 21.Nhf3 Bd7 22.Rae1 
Bc6 23.Kg1 Re8 24.Nb3 Bb5 25.Rd1 Bxf1 26.Kxf1 Ng4 27.c4 Ne3+ 0-1

[Event "Jan Macieja Memorial"]
[Site "Warsaw POL"]
[Date "2023.07.10"]
[Round "6.59"]
[White "Yasmo, Daniil"]
[Black "Smetek, Michal"]
[Result "0-1"]
[WhiteElo "1678"]
[BlackElo "2036"]
[EventDate "2023.07.10"]
[PlyCount "120"]

1.c4 c6 2.e4 d5 3.exd5 cxd5 4.cxd5 Nf6 5.Bb5+ Nbd7 6.Nc3 g6 7.Nf3 Bg7 8.O-O O-O 
9.d4 Nb6 10.Be3 Nbxd5 11.Qd2 Nxe3 12.fxe3 e6 13.e4 a6 14.Ba4 b5 15.Bc2 Bb7 
16.Rae1 Rc8 17.a3 Qb6 18.e5 Nd5 19.Ne4 h6 20.Kh1 a5 21.Bb1 b4 22.axb4 Qxb4 
23.Nd6 Qxd2 24.Nxd2 Rb8 25.N2c4 Ba6 26.Rf2 Rb4 27.Nxa5 Rxd4 28.Nc6 Ra4 29.h3 h5 
30.Bc2 Rf4 31.Rxf4 Nxf4 32.Ra1 Bd3 33.Bxd3 Nxd3 34.Nc4 Kh7 35.Ra7 Rc8 36.N6a5 
Kg8 37.Rxf7 Nxe5 38.Nxe5 Bxe5 39.Rf1 Bxb2 40.Re1 e5 41.Nb3 Kg7 42.Nd2 Bd4 
43.Nf3 Bc3 44.Re2 Rc5 45.g4 hxg4 46.hxg4 Bd4 47.Nxd4 exd4 48.Re7+ Kf6 49.Rd7 
Ke5 50.Kg2 Rd5 51.Re7+ Kf4 52.Kh3 d3 53.Re1 d2 54.Rd1 Kf3 55.Kh4 Ke2 56.Ra1 
d1=Q 57.Rxd1 Kxd1 58.Kg3 g5 59.Kf3 Ra5 60.Ke4 Ke2 0-1

[Event "Jan Macieja Memorial"]
[Site "Warsaw POL"]
[Date "2023.07.10"]
[Round "6.60"]
[White "Pesko, Tomasz"]
[Black "Boryna, Szymon"]
[Result "1-0"]
[WhiteElo "1904"]
[BlackElo "1553"]
[EventDate "2023.07.10"]
[PlyCount "65"]

1.d4 d5 2.c4 e6 3.Nc3 Nf6 4.Bg5 Be7 5.Nf3 O-O 6.e3 h6 7.Bh4 b6 8.Qb3 Bb7 9.Bxf6 
Bxf6 10.cxd5 exd5 11.Be2 a6 12.O-O Qd6 13.Rac1 Nd7 14.Na4 Rac8 15.Rfd1 c5 
16.dxc5 Nxc5 17.Qxb6 Qxb6 18.Nxb6 Rc6 19.Nxd5 Rfc8 20.Nxf6+ Rxf6 21.b4 Ne6 
22.Rxc8+ Bxc8 23.Nd4 Nxd4 24.Rxd4 Bb7 25.Bd3 g6 26.f3 Rc6 27.Kf2 Rc1 28.a4 Ra1 
29.b5 axb5 30.axb5 Ra2+ 31.Kg3 Rb2 32.Rd7 Bc8 33.Rd8+ 1-0

[Event "Jan Macieja Memorial"]
[Site "Warsaw POL"]
[Date "2023.07.10"]
[Round "6.62"]
[White "Staszewski, Krzysztof"]
[Black "Pancewicz, Szymon"]
[Result "1-0"]
[WhiteElo "1488"]
[BlackElo "1816"]
[EventDate "2023.07.10"]
[PlyCount "133"]

1.c4 e6 2.Nc3 d5 3.cxd5 exd5 4.d4 c6 5.h3 Be7 6.Nf3 Nf6 7.e3 Bf5 8.Bd3 Bxd3 
9.Qxd3 O-O 10.O-O Nbd7 11.Re1 Re8 12.a3 a5 13.Bd2 Bd6 14.Rac1 Ne4 15.Qe2 Nb6 
16.Nxe4 dxe4 17.Nh2 Nd5 18.Qg4 g6 19.Bc3 f5 20.Qe2 Qg5 21.Nf1 Re7 22.Qc4 Kf8 
23.b4 axb4 24.axb4 Ree8 25.b5 Nxc3 26.Rxc3 cxb5 27.Qxb5 Qe7 28.Rb1 Ra7 29.Qb6 
Rea8 30.Rcb3 f4 31.exf4 Bxf4 32.Ne3 Bxe3 33.fxe3 Kg7 34.d5 Ra1 35.Qxb7 Rxb1+ 
36.Rxb1 Qxb7 37.Rxb7+ Kf6 38.Rxh7 Rd8 39.Rh4 Ke5 40.Rg4 Rd6 41.Rg5+ Kf6 42.h4 
Ra6 43.Kf2 Ra2+ 44.Kg3 Re2 45.Kf4 Rf2+ 46.Kg3 Rf1 47.Rg4 Kf5 48.Rf4+ Rxf4 
49.exf4 Kf6 50.Kg4 Ke7 51.Kg3 Kd6 52.Kf2 Kxd5 53.Ke3 Kd6 54.Kxe4 Ke6 55.g4 Kf6 
56.h5 gxh5 57.gxh5 Kg7 58.Kf5 Kh6 59.Kg4 Kg7 60.Kg5 Kh7 61.h6 Kg8 62.Kg6 Kh8 
63.f5 Kg8 64.f6 Kh8 65.Kf7 Kh7 66.Ke7 Kxh6 67.f7 1-0

[Event "Jan Macieja Memorial"]
[Site "Warsaw POL"]
[Date "2023.07.10"]
[Round "7.1"]
[White "Piorun, Kacper"]
[Black "Nasuta, Grzegorz"]
[Result "1-0"]
[WhiteElo "2583"]
[BlackElo "2449"]
[EventDate "2023.07.10"]
[PlyCount "141"]

1.e4 e5 2.Nc3 Nf6 3.Bc4 Nc6 4.d3 Bc5 5.h3 d6 6.Be3 O-O 7.Nge2 a6 8.Bb3 Re8 
9.O-O Be6 10.Kh1 Qd7 11.Bxe6 Rxe6 12.Qd2 Bxe3 13.fxe3 d5 14.Ng3 Ne7 15.Rf3 dxe4 
16.Ncxe4 Nxe4 17.Nxe4 Rb6 18.Qc3 f6 19.Raf1 Qc6 20.Qa3 Ng6 21.c4 Qd7 22.c5 Re6 
23.b4 Rd8 24.Qb3 Qd5 25.Qxd5 Rxd5 26.Rd1 Ne7 27.g4 Nc6 28.a3 h6 29.Kg2 Kf7 
30.Kf2 Ke8 31.Ke2 Ne7 32.Rff1 Kd7 33.Nc3 c6 34.Nxd5 Nxd5 35.Rc1 Ke7 36.Kd2 Kf7 
37.Rc4 Kg6 38.h4 Nc7 39.a4 Re8 40.Ke2 Re7 41.Rb1 Rd7 42.Rd1 Re7 43.Kf3 Re8 
44.Rd2 Re7 45.Rc1 Re8 46.Kg3 Rd8 47.h5+ Kf7 48.Kf3 Rd7 49.d4 Ne6 50.Rcd1 Ng5+ 
51.Ke2 Ne4 52.Rd3 exd4 53.Rxd4 Nc3+ 54.Kf3 Re7 55.R1d3 Nd5 56.e4 Nc7 57.Rd7 Ne6 
58.Ke3 Ng5 59.Rxe7+ Kxe7 60.b5 axb5 61.axb5 cxb5 62.Rb3 Kd7 63.Rxb5 Kc6 64.Rb6+ 
Kxc5 65.Rxb7 Ne6 66.Rd7 Kc6 67.Rd1 Kc5 68.e5 fxe5 69.Ke4 Nd4 70.Kxe5 Ne2 71.Rd7 1-0

[Event "Jan Macieja Memorial"]
[Site "Warsaw POL"]
[Date "2023.07.10"]
[Round "7.2"]
[White "Kazakouski, Valery"]
[Black "Mis, Mieszko"]
[Result "1-0"]
[WhiteElo "2546"]
[BlackElo "2369"]
[EventDate "2023.07.10"]
[PlyCount "65"]

1.Nf3 Nf6 2.c4 e6 3.g3 d5 4.b3 d4 5.e3 c5 6.exd4 cxd4 7.Bg2 Nc6 8.O-O Be7 9.Re1 
O-O 10.Bb2 Qb6 11.Na3 Rd8 12.d3 Bb4 13.Re2 a5 14.Nb5 e5 15.Nxe5 Nxe5 16.Rxe5 
Bg4 17.Bf3 Be6 18.a3 Bc5 19.Qe1 Nd7 20.Rxe6 Qxe6 21.Qxe6 fxe6 22.Nc7 Rac8 
23.Nxe6 Re8 24.Nxd4 Ne5 25.Bd5+ Kh8 26.Ne6 Bxf2+ 27.Kg2 Rxe6 28.Bxe6 Re8 
29.Bxe5 Rxe6 30.d4 Be3 31.Rf1 h5 32.Rf7 Rb6 33.Rxg7 1-0

[Event "Jan Macieja Memorial"]
[Site "Warsaw POL"]
[Date "2023.07.10"]
[Round "7.3"]
[White "Bartel, Mateusz"]
[Black "Zochowski, Kacper"]
[Result "0-1"]
[WhiteElo "2529"]
[BlackElo "2262"]
[EventDate "2023.07.10"]
[PlyCount "66"]

1.e4 d6 2.d4 Nf6 3.Nc3 e5 4.Nf3 Nbd7 5.Rg1 Be7 6.g4 O-O 7.Be3 c6 8.g5 Nh5 9.Qd2 
b5 10.Be2 g6 11.a3 a6 12.O-O-O Rb8 13.Kb1 a5 14.Na2 Qc7 15.Nh4 Nf4 16.Bxf4 exf4 
17.Qxf4 b4 18.a4 b3 19.cxb3 Rxb3 20.Rd2 Nb6 21.Bd1 Rh3 22.Nf3 Qb7 23.Ka1 Be6 
24.b3 Rb8 25.d5 cxd5 26.Nd4 Bf8 27.Nxe6 fxe6 28.Qg4 Bg7+ 29.Kb1 Rxh2 30.Qxe6+ 
Kh8 31.Qxd6 Nc4 32.Qxh2 Nxd2+ 33.Kc1 Nxb3+ 0-1

[Event "Jan Macieja Memorial"]
[Site "Warsaw POL"]
[Date "2023.07.10"]
[Round "7.4"]
[White "Mickiewicz, Piotr"]
[Black "Socko, Bartosz"]
[Result "0-1"]
[WhiteElo "2224"]
[BlackElo "2520"]
[EventDate "2023.07.10"]
[PlyCount "118"]

1.e4 e6 2.d4 d5 3.Nd2 Nf6 4.e5 Nfd7 5.c3 c5 6.Ndf3 b6 7.h4 h6 8.h5 Qc7 9.Nh3 
Ba6 10.Bxa6 Nxa6 11.Qd3 Qb7 12.Nf4 O-O-O 13.Rh3 Kb8 14.Be3 Rc8 15.a3 Nc7 16.b4 
Qc6 17.Bd2 Be7 18.Rg3 Bf8 19.a4 cxb4 20.cxb4 Qc4 21.b5 Qxd3 22.Nxd3 a6 23.Bb4 
Rg8 24.Bxf8 Rcxf8 25.Nb4 axb5 26.Nc6+ Kb7 27.Ne7 Rh8 28.Rxg7 Ne8 29.Rg3 bxa4 
30.Rxa4 Nc7 31.Rg7 Ne8 32.Rg3 Rh7 33.Nd2 Nc7 34.Rga3 Nb5 35.Rb3 Nc7 36.Rba3 Ra8 
37.Rxa8 Nxa8 38.Nc8 Kxc8 39.Rxa8+ Nb8 40.Ra7 Nc6 41.Ra8+ Kb7 42.Rg8 Nxd4 43.g4 
b5 44.f4 b4 45.Kd1 b3 46.Kc1 Ne2+ 47.Kb2 Nxf4 48.Kxb3 Kc6 49.Nf3 d4 50.Kc4 d3 
51.Kc3 Kd5 52.g5 hxg5 53.Nxg5 Rxh5 54.Nxf7 Rh2 55.Rd8+ Ke4 56.Rd4+ Ke3 57.Rd6 
Nd5+ 58.Kb3 d2 59.Kc2 Rh1 0-1

[Event "Jan Macieja Memorial"]
[Site "Warsaw POL"]
[Date "2023.07.10"]
[Round "7.5"]
[White "Kiolbasa, Oliwia"]
[Black "Gagare, Shardul"]
[Result "1/2-1/2"]
[WhiteElo "2269"]
[BlackElo "2482"]
[EventDate "2023.07.10"]
[PlyCount "99"]

1.e4 e6 2.d4 d5 3.e5 c5 4.c3 Qb6 5.Nf3 Bd7 6.Bd3 Bb5 7.dxc5 Bxc5 8.b4 Be7 9.a4 
Bxd3 10.Qxd3 Nd7 11.a5 Qc7 12.O-O a6 13.Re1 Nh6 14.Na3 Rc8 15.Bd2 Nf5 16.Rac1 
O-O 17.c4 dxc4 18.Nxc4 Qd8 19.Red1 Rc7 20.g4 Nh4 21.Nxh4 Bxh4 22.Be3 Qb8 23.f4 
Be7 24.Nd6 Rd8 25.Rxc7 Qxc7 26.Rc1 Qb8 27.Rd1 Nf8 28.Bb6 Rd7 29.Bc5 Ng6 30.Qe4 
Bxd6 31.Bxd6 Qc8 32.Qe3 h5 33.gxh5 Nh4 34.Rc1 Qd8 35.Qc5 Nf5 36.Qc8 Nxd6 
37.exd6 Kh7 38.Qxd8 Rxd8 39.Rc7 Rxd6 40.Rxb7 f5 41.Rb6 Rd4 42.Rxa6 Rxb4 43.Rxe6 
Rxf4 44.a6 Ra4 45.Kg2 Ra3 46.Kf2 Kg8 47.Rb6 Kh7 48.Kg2 Kg8 49.Kf2 Kh7 50.Kg2 1/2-1/2

[Event "Jan Macieja Memorial"]
[Site "Warsaw POL"]
[Date "2023.07.10"]
[Round "7.6"]
[White "Heberla, Bartlomiej"]
[Black "Malek, Jan"]
[Result "1/2-1/2"]
[WhiteElo "2450"]
[BlackElo "2255"]
[EventDate "2023.07.10"]
[PlyCount "145"]

1.d4 Nf6 2.Nf3 d5 3.c4 e6 4.e3 Be7 5.b3 O-O 6.Bd3 c5 7.cxd5 Nxd5 8.Bb2 Nc6 
9.dxc5 Ndb4 10.Be4 Qxd1+ 11.Kxd1 Rd8+ 12.Ke2 f5 13.Bxc6 bxc6 14.Na3 Ba6+ 15.Nc4 
Nd3 16.Bc3 Nxc5 17.Rhd1 Ne4 18.Ba5 Rd5 19.Be1 Bf6 20.Rac1 Rad8 21.Nd4 Bxd4 
22.Rxd4 Rxd4 23.exd4 Rxd4 24.Ke3 Rd5 25.f3 Nc5 26.Nb2 Bb7 27.Bb4 Nd7 28.Nc4 c5 
29.Bc3 Nb6 30.Nxb6 axb6 31.Rc2 e5 32.Rd2 f4+ 33.Ke2 Rxd2+ 34.Kxd2 e4 35.Ke2 
exf3+ 36.gxf3 Kf7 37.Be5 g5 38.Bc7 b5 39.Bd6 c4 40.bxc4 bxc4 41.a4 Ke6 42.Bb4 
h5 43.h3 Kf5 44.Bc3 g4 45.fxg4+ hxg4 46.hxg4+ Kxg4 47.Kf2 Kf5 48.a5 Ke4 49.Ke2 
Bc8 50.Be1 Ba6 51.Bc3 Bb5 52.Be1 c3+ 53.Kd1 Kd3 54.Kc1 f3 55.Bf2 Kc4 56.Be1 Kb3 
57.Bf2 Ba6 58.Be1 Bd3 59.Bf2 Kc4 60.a6 Kb3 61.a7 Be4 62.Be1 Kc4 63.Bf2 Kd3 
64.Bb6 Kc4 65.Bf2 Kd3 66.Bb6 Ba8 67.Bf2 Ke2 68.Bd4 Be4 69.Bb6 f2 70.Bxf2 Kxf2 
71.a8=R Bxa8 72.Kc2 Be4+ 73.Kxc3 1/2-1/2

[Event "Jan Macieja Memorial"]
[Site "Warsaw POL"]
[Date "2023.07.10"]
[Round "7.8"]
[White "Karpus, Michal"]
[Black "Pacan-milej, Kosma"]
[Result "1-0"]
[WhiteElo "2181"]
[BlackElo "2302"]
[EventDate "2023.07.10"]
[PlyCount "55"]

1.e4 c6 2.d4 d5 3.Nc3 dxe4 4.Nxe4 Nf6 5.Nxf6+ exf6 6.Nf3 Bd6 7.Bd3 O-O 8.O-O 
Bg4 9.h3 Bh5 10.c4 Nd7 11.Be3 c5 12.Be2 cxd4 13.Qxd4 Bc5 14.Qd5 Bxf3 15.Bxf3 
Bxe3 16.fxe3 Ne5 17.Qxb7 Rb8 18.Qxa7 Rxb2 19.Bd5 Qd6 20.Rab1 Qb4 21.Rxb2 Qxb2 
22.a4 Rb8 23.a5 h5 24.a6 Rb3 25.Qa8+ Rb8 26.Qa7 Rb3 27.Qd4 Qa3 28.a7 1-0

[Event "Jan Macieja Memorial"]
[Site "Warsaw POL"]
[Date "2023.07.10"]
[Round "7.9"]
[White "Nesterenko, Kyrylo"]
[Black "Baum, Jonasz"]
[Result "1/2-1/2"]
[WhiteElo "1941"]
[BlackElo "2277"]
[EventDate "2023.07.10"]
[PlyCount "123"]

1.Nf3 d5 2.e3 Nf6 3.c4 e6 4.d4 c5 5.a3 a6 6.dxc5 Bxc5 7.b4 Be7 8.Bb2 O-O 9.Nbd2 
dxc4 10.Nxc4 b5 11.Na5 Bd7 12.Ne5 Be8 13.Be2 Nd5 14.O-O Bf6 15.Rc1 Nd7 16.Nac6 
Qb6 17.Bd4 Qb7 18.Na5 Qb8 19.Nxd7 Bxd7 20.Bxf6 Nxf6 21.Qd4 e5 22.Qb2 Rc8 
23.Rxc8+ Qxc8 24.Qxe5 Qc2 25.Bf3 Re8 26.Qd6 Qb2 27.Qd3 Rc8 28.h3 Qc3 29.Qd6 
Qxa3 30.Qxa6 Qxb4 31.Rd1 Rf8 32.Nc6 Bxc6 33.Bxc6 Qb3 34.Ra1 b4 35.Qa2 Qxa2 
36.Rxa2 Rb8 37.Kf1 Kf8 38.Ke2 Ke7 39.Kd3 Kd6 40.Ba4 Nd5 41.Bb3 Nc3 42.Ra6+ Kc5 
43.Ra7 Rd8+ 44.Kc2 Ne4 45.Rc7+ Kb6 46.Rc4 Nxf2 47.Rxb4+ Kc7 48.Rf4 Nd1 49.Rxf7+ 
Kb6 50.Rxg7 Nxe3+ 51.Kc3 h5 52.Rg6+ Kc7 53.Rg5 Rd7 54.Rc5+ Kd8 55.Rg5 Rd6 56.g4 
hxg4 57.hxg4 Rd7 58.Rg8+ Ke7 59.g5 Nd5+ 60.Bxd5 Rxd5 61.Rg7+ Kf8 62.Ra7 1/2-1/2

[Event "Jan Macieja Memorial"]
[Site "Warsaw POL"]
[Date "2023.07.10"]
[Round "7.10"]
[White "Niezhentsev, Kyrylo"]
[Black "Padalka, Artem"]
[Result "1/2-1/2"]
[WhiteElo "2151"]
[BlackElo "2073"]
[EventDate "2023.07.10"]
[PlyCount "111"]

1.e4 c5 2.Nf3 d6 3.d4 cxd4 4.Nxd4 Nf6 5.f3 g6 6.c4 Bg7 7.Nc3 Nc6 8.Be3 O-O 
9.Be2 Bd7 10.O-O Nxd4 11.Bxd4 a5 12.Qd2 a4 13.Rad1 Bc6 14.Rfe1 Qa5 15.Bf1 Nd7 
16.Bxg7 Kxg7 17.Nd5 Qxd2 18.Rxd2 Bxd5 19.cxd5 Rfc8 20.Bb5 Nb6 21.Kf2 Ra5 22.Bd3 
Rac5 23.Ke3 g5 24.g3 Nc4+ 25.Bxc4 Rxc4 26.Kd3 b5 27.f4 g4 28.e5 R8c5 29.Ke3 a3 
30.bxa3 Rc3+ 31.Rd3 Rxd3+ 32.Kxd3 Rxd5+ 33.Ke4 Rd2 34.exd6 exd6 35.Rb1 Rxa2 
36.Rxb5 Rxa3 37.Rg5+ Kf6 38.Rxg4 Ra2 39.Rh4 Kg6 40.Kd5 Rd2+ 41.Ke4 f5+ 42.Ke3 
Ra2 43.g4 fxg4 44.Rxg4+ Kf6 45.Rh4 Kg6 46.Rg4+ Kf5 47.Rg5+ Kf6 48.Rh5 Kg6 
49.Rd5 Rxh2 50.Rxd6+ Kf5 51.Rd5+ Kf6 52.Kf3 Ra2 53.Rh5 Kg6 54.Rg5+ Kf6 55.Rh5 
Kg6 56.Rg5+ 1/2-1/2

[Event "Jan Macieja Memorial"]
[Site "Warsaw POL"]
[Date "2023.07.10"]
[Round "7.11"]
[White "Ochedzan, Tymon"]
[Black "Tomczak, Jacek"]
[Result "1-0"]
[WhiteElo "2149"]
[BlackElo "2562"]
[EventDate "2023.07.10"]
[PlyCount "89"]

1.e4 d5 2.exd5 Qxd5 3.Nc3 Qd6 4.d4 Nf6 5.Nf3 g6 6.g3 Bg7 7.Bf4 Qb6 8.Na4 Qa5+ 
9.c3 O-O 10.Nc5 c6 11.Bg2 Nd5 12.Bd2 Qc7 13.O-O b6 14.Ne4 Nd7 15.c4 N5f6 16.Bf4 
Qd8 17.Qe2 Bb7 18.Rfe1 Re8 19.Rad1 Qc8 20.Ne5 Nxe4 21.Qxe4 Nf6 22.Qf3 Nh5 
23.Nxc6 Nxf4 24.gxf4 Bf6 25.b4 Qf5 26.b5 a6 27.a4 Qc2 28.Qd3 Qxd3 29.Rxd3 Kg7 
30.d5 axb5 31.axb5 Ra4 32.Rc1 Rea8 33.d6 exd6 34.Rxd6 Bb2 35.Re1 Rxc4 36.Rd7 
Bc8 37.Rxf7+ Kxf7 38.Bd5+ Kf6 39.Bxc4 Ra4 40.Bd5 Rxf4 41.f3 Bf5 42.Re8 Ra4 
43.Kf2 Bc3 44.Rb8 Ra2+ 45.Bxa2 1-0

[Event "Jan Macieja Memorial"]
[Site "Warsaw POL"]
[Date "2023.07.10"]
[Round "7.12"]
[White "Kultiyasov, Mikhail"]
[Black "Cherniaiev, Tykhon"]
[Result "0-1"]
[WhiteElo "2104"]
[BlackElo "2450"]
[EventDate "2023.07.10"]
[PlyCount "64"]

1.e4 e5 2.Nf3 Nc6 3.Bb5 Nge7 4.c3 a6 5.Ba4 Ng6 6.d4 exd4 7.cxd4 Be7 8.Nc3 O-O 
9.O-O d6 10.h3 b5 11.Bb3 Na5 12.Bc2 c5 13.Nd5 Bb7 14.Nxe7+ Qxe7 15.Re1 Rfe8 
16.b3 Rac8 17.Bb2 Nc6 18.a3 cxd4 19.Nxd4 Nxd4 20.Bxd4 Nf4 21.Rc1 Qg5 22.Qg4 
Qxg4 23.hxg4 Bxe4 24.Bxe4 Rxc1 25.Rxc1 Ne2+ 26.Kf1 Nxc1 27.Be3 Rxe4 28.Bxc1 
Rxg4 29.f3 Rg6 30.g4 d5 31.Ke2 Rc6 32.Be3 Rc3 0-1

[Event "Jan Macieja Memorial"]
[Site "Warsaw POL"]
[Date "2023.07.10"]
[Round "7.13"]
[White "Sieciechowicz, Marcin"]
[Black "Rekuc, Patryk"]
[Result "1-0"]
[WhiteElo "2294"]
[BlackElo "2108"]
[EventDate "2023.07.10"]
[PlyCount "82"]

1.d4 Nf6 2.c4 e6 3.Nc3 Bb4 4.Qc2 d5 5.cxd5 exd5 6.Bg5 O-O 7.e3 h6 8.Bh4 b6 
9.Bd3 Bb7 10.Nf3 Nbd7 11.O-O Be7 12.h3 c5 13.Rad1 Qc8 14.dxc5 bxc5 15.Bf5 Rd8 
16.Bxf6 Bxf6 17.Nxd5 Bxd5 18.Rxd5 Qb7 19.Rfd1 Nf8 20.Be4 Qb6 21.b3 Rxd5 22.Bxd5 
Rc8 23.e4 Ne6 24.e5 Be7 25.Qc4 Rd8 26.Rd3 Qb4 27.Bxe6 Rxd3 28.Bxf7+ Kf8 29.Qxd3 
Kxf7 30.Qc4+ Kf8 31.Qxb4 cxb4 32.Kf1 Bc5 33.Ke2 Ke7 34.Ne1 Ke6 35.Nd3 Be7 36.f4 
Kd5 37.Ke3 a5 38.g4 Bh4 39.Nb2 Bd8 40.Nc4 Bc7 41.Kd3 Bd8 1-0

[Event "Jan Macieja Memorial"]
[Site "Warsaw POL"]
[Date "2023.07.10"]
[Round "7.14"]
[White "Kaminski, Maciej"]
[Black "Chylewski, Patryk"]
[Result "0-1"]
[WhiteElo "1905"]
[BlackElo "2226"]
[EventDate "2023.07.10"]
[PlyCount "41"]

1.e4 c5 2.Nf3 e6 3.d4 cxd4 4.Nxd4 Nc6 5.Nc3 Qc7 6.Be3 a6 7.Qf3 Nf6 8.Qg3 d6 
9.f3 Bd7 10.O-O-O h5 11.Bd3 b5 12.Nce2 b4 13.Nxc6 Bxc6 14.Qh4 Be7 15.Bg5 Rc8 
16.Kb1 Ba4 17.Rc1 Bxc2+ 18.Ka1 b3 19.Nc3 Qa5 20.Rxc2 bxc2 21.Qe1 0-1

[Event "Jan Macieja Memorial"]
[Site "Warsaw POL"]
[Date "2023.07.10"]
[Round "7.15"]
[White "Karut, Kacper"]
[Black "Sriram, Jha"]
[Result "0-1"]
[WhiteElo "1796"]
[BlackElo "2221"]
[EventDate "2023.07.10"]
[PlyCount "64"]

1.e4 d6 2.d4 Nf6 3.Nc3 e5 4.Nf3 Nbd7 5.Bc4 Be7 6.O-O O-O 7.Qe2 c6 8.Rd1 Qc7 
9.h3 h6 10.Be3 Re8 11.dxe5 dxe5 12.a3 Nf8 13.Rd2 Be6 14.Rad1 b5 15.Bxe6 Nxe6 
16.b4 a5 17.Rb1 axb4 18.axb4 Ra3 19.Rd3 Rea8 20.Bc1 Ra1 21.Bd2 Bxb4 22.Rxa1 
Rxa1+ 23.Kh2 Bf8 24.Nd1 Ra4 25.Nc3 Rc4 26.Be3 Nd4 27.Bxd4 exd4+ 28.e5 dxc3 
29.Kg1 Nd5 30.e6 Nf4 31.exf7+ Qxf7 32.Qe3 Nxd3 0-1

[Event "Jan Macieja Memorial"]
[Site "Warsaw POL"]
[Date "2023.07.10"]
[Round "7.16"]
[White "Malicka, Maria"]
[Black "Jakubowska, Anna"]
[Result "1-0"]
[WhiteElo "2168"]
[BlackElo "2001"]
[EventDate "2023.07.10"]
[PlyCount "33"]

1.e4 Nf6 2.e5 Nd5 3.d4 d6 4.Nf3 dxe5 5.Nxe5 c6 6.Bd3 Nd7 7.O-O Nxe5 8.dxe5 g6 
9.Nc3 Nxc3 10.bxc3 Be6 11.Be3 Bg7 12.f4 g5 13.f5 Bd7 14.e6 fxe6 15.Qh5+ Kf8 
16.fxe6+ Bf6 17.Qf7# 1-0

[Event "Jan Macieja Memorial"]
[Site "Warsaw POL"]
[Date "2023.07.10"]
[Round "7.17"]
[White "Bartel, Michal"]
[Black "Bartel, Marta"]
[Result "0-1"]
[WhiteElo "2282"]
[BlackElo "1985"]
[EventDate "2023.07.10"]
[PlyCount "132"]

1.d4 Nf6 2.Bf4 g6 3.Nd2 d5 4.e3 Bg7 5.Ngf3 O-O 6.h3 b6 7.Be2 c5 8.c3 Nc6 9.O-O 
Bb7 10.Re1 Re8 11.Ne5 Nd7 12.Nxd7 Qxd7 13.Nf3 e5 14.dxe5 Nxe5 15.Nxe5 Bxe5 
16.Bh6 Bf6 17.Qb3 Qe6 18.Bf3 Rad8 19.Rad1 g5 20.h4 g4 21.Be2 Bxh4 22.Bf4 Bf6 
23.e4 d4 24.Qxe6 fxe6 25.Bxg4 e5 26.Bg3 Ba6 27.f4 exf4 28.Bxf4 Be5 29.Bxe5 Rxe5 
30.cxd4 cxd4 31.Be2 Bxe2 32.Rxe2 Kf7 33.Kf2 Ke6 34.Ke1 Rg5 35.Rd3 Ke5 36.Rh3 h5 
37.Rh4 Rc8 38.Kd1 Rc4 39.b3 Rc3 40.Kd2 Rcg3 41.Kd1 Rxg2 42.Rxg2 Rxg2 43.Rxh5+ 
Kxe4 44.a4 Rg3 45.Kc2 Rg2+ 46.Kc1 Kd3 47.Rh3+ Ke2 48.Rh7 Rg1+ 49.Kb2 d3 50.Re7+ 
Kd1 51.Rxa7 Rg2+ 52.Kc3 d2 53.Rd7 Rg3+ 54.Kc4 Kc2 55.b4 Rc3+ 56.Kb5 Rb3 57.Rc7+ 
Rc3 58.Rd7 Rd3 59.Rxd3 Kxd3 60.Kxb6 d1=Q 61.a5 Kc4 62.a6 Qd8+ 63.Kb7 Qd7+ 
64.Kb8 Qb5+ 65.Ka7 Kd5 66.Ka8 Qxa6+ 0-1

[Event "Jan Macieja Memorial"]
[Site "Warsaw POL"]
[Date "2023.07.10"]
[Round "7.18"]
[White "Budzisz, Adrian"]
[Black "Kanarek, Marcel"]
[Result "0-1"]
[WhiteElo "2018"]
[BlackElo "2388"]
[EventDate "2023.07.10"]
[PlyCount "46"]

1.e4 c5 2.Nf3 d6 3.Bb5+ Nd7 4.a4 Nf6 5.Nc3 a6 6.Bc4 e6 7.O-O Be7 8.d4 cxd4 
9.Nxd4 Ne5 10.Bb3 Bd7 11.f4 Nc6 12.Be3 Nxd4 13.Bxd4 Bc6 14.e5 dxe5 15.fxe5 Nd7 
16.Rxf7 Kxf7 17.Bxe6+ Kxe6 18.Qg4+ Kf7 19.e6+ Ke8 20.Bxg7 Qb6+ 21.Kh1 Rg8 
22.exd7+ Bxd7 23.Re1 Bxg4 0-1

[Event "Jan Macieja Memorial"]
[Site "Warsaw POL"]
[Date "2023.07.10"]
[Round "7.19"]
[White "Sanz, Losada Victoriano"]
[Black "Sengupta, Deep"]
[Result "0-1"]
[WhiteElo "2010"]
[BlackElo "2361"]
[EventDate "2023.07.10"]
[PlyCount "75"]

1.d4 e6 2.c4 f5 3.Nc3 Nf6 4.Bg5 Bb4 5.e3 h6 6.Bxf6 Qxf6 7.Ne2 O-O 8.a3 Bxc3+ 
9.Nxc3 b6 10.Qc2 Bb7 11.O-O-O d5 12.f3 Nd7 13.Kb1 Rac8 14.cxd5 exd5 15.Bb5 c6 
16.Ba4 b5 17.Bb3 Nb6 18.e4 Nc4 19.e5 Qg5 20.g3 Ne3 21.Qd3 Nxd1 22.Rxd1 f4 23.g4 
c5 24.Qxb5 cxd4 25.Nxd5 Bxd5 26.Qxd5+ Kh8 27.Qe4 Rfe8 28.Bc2 g6 29.e6 Qf6 
30.Re1 Rcd8 31.Qxg6 Qxg6 32.Bxg6 Re7 33.Bf5 d3 34.Rd1 Rd6 35.Kc1 Rc7+ 36.Kd2 
Rc2+ 37.Ke1 Rxh2 38.Rxd3 0-1

[Event "Jan Macieja Memorial"]
[Site "Warsaw POL"]
[Date "2023.07.10"]
[Round "7.20"]
[White "Cukrowski, Filip"]
[Black "Syrkiewicz, Michal"]
[Result "1-0"]
[WhiteElo "2258"]
[BlackElo "2009"]
[EventDate "2023.07.10"]
[PlyCount "49"]

1.d4 Nf6 2.c4 e6 3.Nf3 d5 4.Nc3 dxc4 5.g3 Bb4 6.Bg2 O-O 7.O-O Nc6 8.a3 Bxc3 
9.bxc3 Rb8 10.Bg5 h6 11.Bh4 g5 12.Nxg5 hxg5 13.Bxg5 Kg7 14.e4 Qe8 15.e5 Nh7 
16.Qg4 Nxg5 17.Qxg5+ Kh8 18.Qf6+ Kg8 19.Qg5+ Kh8 20.Rae1 Qe7 21.Qh6+ Kg8 22.Re4 
f5 23.exf6 Qh7 24.Rg4+ Kh8 25.Qxf8+ 1-0

[Event "Jan Macieja Memorial"]
[Site "Warsaw POL"]
[Date "2023.07.10"]
[Round "7.21"]
[White "Sliwicki, Damian"]
[Black "Orzech, Dominik"]
[Result "0-1"]
[WhiteElo "2005"]
[BlackElo "2256"]
[EventDate "2023.07.10"]
[PlyCount "88"]

1.e4 c5 2.Nf3 Nc6 3.Bb5 Qc7 4.O-O Nf6 5.Re1 a6 6.Bxc6 Qxc6 7.d4 cxd4 8.e5 Nd5 
9.Qxd4 e6 10.c4 Nb4 11.Qc3 Qc7 12.Bg5 h6 13.Bh4 b6 14.Nbd2 Bb7 15.Ne4 Bxe4 
16.Rxe4 Rc8 17.Rd1 Nxa2 18.Qd2 Bb4 19.Qc2 Bc5 20.Rg4 g5 21.Bg3 Nb4 22.Qe2 Be7 
23.h4 h5 24.Rgd4 g4 25.Ng5 Bxg5 26.hxg5 Nc6 27.Rd6 Ne7 28.Rxd7 Qxd7 29.Rxd7 
Kxd7 30.Qd1+ Ke8 31.Qa4+ Kf8 32.Qxa6 Kg7 33.Qb7 Nf5 34.b3 Ra8 35.Bf4 Ra1+ 
36.Kh2 h4 37.f3 g3+ 38.Kh3 Rh1+ 39.Kg4 h3 40.Bxg3 hxg2 41.g6 Kxg6 42.Bf2 g1=Q+ 
43.Bxg1 Rxg1+ 44.Kf4 Rh4# 0-1

[Event "Jan Macieja Memorial"]
[Site "Warsaw POL"]
[Date "2023.07.10"]
[Round "7.22"]
[White "Koziorowicz, Michal"]
[Black "Adamczyk, Zuzanna"]
[Result "1-0"]
[WhiteElo "2253"]
[BlackElo "1983"]
[EventDate "2023.07.10"]
[PlyCount "55"]

1.e4 c5 2.Nf3 e6 3.d4 cxd4 4.Nxd4 Nf6 5.Nc3 Nc6 6.Be2 d6 7.O-O Be7 8.Be3 O-O 
9.f4 Nxd4 10.Bxd4 b6 11.Qe1 Bb7 12.Qg3 Re8 13.Bd3 Bf8 14.Kh1 d5 15.e5 Nd7 16.f5 
Nc5 17.f6 Nxd3 18.fxg7 Bc5 19.Qxd3 Bxd4 20.Qxd4 Rc8 21.Rf6 Rc4 22.Qf2 Qd7 
23.Rf1 Re7 24.Rh6 d4 25.Qh4 Qc6 26.Rg1 dxc3 27.Qxe7 Rg4 28.Qf8# 1-0